| 000 | 00391nmm a2200145 a 4500 | ||
|---|---|---|---|
| 003 | AR-BaBNM | ||
| 005 | 20251128203058.0 | ||
| 008 | 043119s1898 ||||||||||||||000 | spa|| | ||
| 040 | _cAR-BaBNM | ||
| 100 | 1 | _aMedina, José Toribio | |
| 245 | 1 | 0 |
_aColección de documentos inéditos para la historia de Chile _n15 |
| 260 |
_a[S.l.] _bElzeviriana _c1898 |
||
| 942 | _cBK | ||
| 998 | _cMATO MOURAZOS | ||
| 999 |
_c1786 _d1786 |
||